<?xml version="1.0" encoding="UTF-8"?>
<record
    xmlns:xsi="http://www.w3.org/2001/XMLSchema-instance"
    xsi:schemaLocation="http://www.loc.gov/MARC21/slim http://www.loc.gov/standards/marcxml/schema/MARC21slim.xsd"
    xmlns="http://www.loc.gov/MARC21/slim">

  <leader>00753nab a2200205 uc4500</leader>
  <controlfield tag="001">110615</controlfield>
  <controlfield tag="005">20250725142613.0</controlfield>
  <controlfield tag="008">961112e19961231                    spa  </controlfield>
  <datafield tag="035" ind1=" " ind2=" ">
    <subfield code="a">110615</subfield>
  </datafield>
  <datafield tag="035" ind1=" " ind2=" ">
    <subfield code="a">(OCoLC)819748518</subfield>
  </datafield>
  <datafield tag="040" ind1=" " ind2=" ">
    <subfield code="c">comduadb</subfield>
  </datafield>
  <datafield tag="041" ind1=" " ind2=" ">
    <subfield code="a">spa</subfield>
  </datafield>
  <datafield tag="100" ind1="1" ind2="0">
    <subfield code="a">Bombini, Gustavo,</subfield>
    <subfield code="d">1961-</subfield>
    <subfield code="4">aut</subfield>
    <subfield code="0">(isni)0000 0000 4029 8586</subfield>
    <subfield code="0">(viaf)18870787</subfield>
    <subfield code="e">aut</subfield>
    <subfield code="9">272101</subfield>
  </datafield>
  <datafield tag="245" ind1="1" ind2="0">
    <subfield code="a">Sujetos, saberes y textos en la ense&#xF1;anza de la literatura</subfield>
  </datafield>
  <datafield tag="650" ind1=" " ind2="7">
    <subfield code="a">Literatura</subfield>
    <subfield code="x">Ense&#xF1;anza</subfield>
    <subfield code="2">lemb</subfield>
    <subfield code="9">174656</subfield>
  </datafield>
  <datafield tag="650" ind1=" " ind2="7">
    <subfield code="a">Libros y lectura para j&#xF3;venes</subfield>
    <subfield code="2">lemb</subfield>
    <subfield code="9">51970</subfield>
  </datafield>
  <datafield tag="650" ind1=" " ind2=" ">
    <subfield code="a">Libros de texto</subfield>
    <subfield code="9">42888</subfield>
  </datafield>
  <datafield tag="773" ind1="0" ind2=" ">
    <subfield code="t">Lectura y Vida : Revista Latinoamericana de Lectura (Buenos Aires)</subfield>
    <subfield code="g">Vol. 17, No. 02, Jun. 1996, p. 21-26</subfield>
    <subfield code="w">5967</subfield>
    <subfield code="x">0325-8637</subfield>
    <subfield code="0">3300</subfield>
  </datafield>
  <datafield tag="942" ind1=" " ind2=" ">
    <subfield code="c">ARIMP</subfield>
  </datafield>
  <datafield tag="999" ind1=" " ind2=" ">
    <subfield code="c">92306</subfield>
    <subfield code="d">92306</subfield>
  </datafield>
</record>
